1760 1680 1514 1964 1566 1969 1845 1282 1737 1268 1825 1025 1277 1081 1389 1492 1284 1693 1562 1732 1368 1362 1672 1604 1208 1668 1639 1311 1690 1016 1619 1227 1680 1702 1576 1370 1134 1157 1377 1215 1635 1619 1577 1190 1323 1346 1715 1845 1492 1638 1980 1012 1740 1921 1932 1703 1018 1840 1252 1862 1237 1517 1781 1347 1908 1341 1993 1000 1523 1850 1056 1020 1875 1670 1891 1703 1740 1079 1582 1793 1412 1375 1487 1136 1296 1465 1539 1428 1345 1541 1630 1363 1464 1891 1870 1534 1818 1686 1286 BCNSPRNW ULIB Ver.6.0+V

เปลี่ยนเป็นภาษาไทย

Change to English
 แสดงรายละเอียดบรรณานุกรม
  กลับหน้าหลัก

Brief Record : Get Marc (ISO 2709) : E-mail record : QR code < ปิดหน้าต่าง
LEADER : 00000nam 2200000uu 4500
001    13399110906
003     ULIB
008    110613s2009||||th 000 0 eng d
020    0763761974
024    9780763761974
060  4 WY18.2^bN377 2009
100 1  Gapuz, Ray A.
245 00 NCLEX-RN in a flash/^c Ray A.Gapaz
260    Sudbury, MA:^bJones and Bartlett,^c2009.
300    311 p.:^bill
650  7 Practical nursing ^x Examinations, questions, etc.
650  7 Practical nursing ^x Outlines, syllabi, etc.
650  7 Nursing Care ^x Examination Questions
650  7 Nursing, Practical ^xExamination Questions
945    ^p0^l0^i030140
995    Kesorn
999 ^a ใช้งานได้ทุกระบบ
รายการนี้ยังไม่มีแท็ก
คุณยังไม่ได้ล็อกอิน คุณสามารถมีกิจกรรมร่วมกับเว็บไซต์ได้ แต่ต้องล็อกอินก่อน ::
  ล็อกอิน

รายการสื่อสารสนเทศ

ลำดับที่ ประเภท เลขเรียก/บาร์โค้ด สถานที่ สถานะ
- ไม่พบข้อมูล -

BibComment


ยังไม่เคยถูกคอมเมนท์

คอมเมนท์ทรัพยากรรายการนี้
  คอมเมนท์: NCLEXRN in a flas..


 Copyright 2026. Bcnsprnw @Library